00706nam a2200193Ia 4500003000900000008004100009040001600050080001300066100002500079245012100104260003800225300001500263650004100278700003200319700002500351942000700376999001500383952011400398IN-BaIIA211028s9999 xx 000 0 eng d cIIA Library aGENbRIC aRichards, I A914430 0aFrench : Through Pictures, Book-1 & A First Workbook of FrenchcI. A Richards, M. H. Isley and Christine Gibson   aNew DelhibVikas Publishingc1975 axxx, 187p. aAstronomy and Astrophysics Thesaurus aGibson, Christine M.914431 aIisley, M. H.914432 cBK c8601d8601 00104070aBANbBANcGENd1986-01-20g15.00l0oGEN/ RICp9470r2021-11-05v15.00w1986-01-20yBKGRs. 15.00